Oxford dictionary of English idioms / (Record no. 101161)

MARC details
000 -LEADER
fixed length control field 00714cam a2200241 a 4500
008 - FIXED-LENGTH DATA ELEMENTS--GENERAL INFORMATION
fixed length control field
020 ## - INTERNATIONAL STANDARD BOOK NUMBER
International Standard Book Number 0194312879 (pbk.)
049 ## - LOCAL HOLDINGS (OCLC)
Holding library MAIN
090 ## - LOCALLY ASSIGNED LC-TYPE CALL NUMBER (OCLC); LOCAL CALL NUMBER (RLIN)
Classification number (OCLC) (R) ; Classification number, CALL (RLIN) (NR) REF PE1464
Local cutter number (OCLC) ; Book number/undivided call number, CALL (RLIN) COW
003 - CONTROL NUMBER IDENTIFIER
control field
005 - DATE AND TIME OF LATEST TRANSACTION
control field 20230120191434.0
040 ## - CATALOGING SOURCE
Transcribing agency NUST
100 ## - MAIN ENTRY--PERSONAL NAME
Personal name Cowie, A.P.
245 10 - TITLE STATEMENT
Title Oxford dictionary of English idioms /
Statement of responsibility, etc. A.P. Cowie, R. Mackin and I.R. McCaig.
260 ## - PUBLICATION, DISTRIBUTION, ETC.
Place of publication, distribution, etc. Oxford :
Name of publisher, distributor, etc. Oxford University Press,
Date of publication, distribution, etc. c1993.
300 ## - PHYSICAL DESCRIPTION
Extent Ixiii, 685 p. ;
Dimensions 25 cm.
500 ## - GENERAL NOTE
General note Includes index.
650 #0 - SUBJECT ADDED ENTRY--TOPICAL TERM
Topical term or geographic name entry element English language
General subdivision Idioms
Form subdivision Dictionaries.
700 ## - ADDED ENTRY--PERSONAL NAME
Personal name McCaig, I.R.
700 ## - ADDED ENTRY--PERSONAL NAME
Personal name Mackin, R.
907 ## - LOCAL DATA ELEMENT G, LDG (RLIN)
a .b10318057
b 16-10-12
c 14-09-12
942 ## - ADDED ENTRY ELEMENTS (KOHA)
Koha item type Ordinary Loan Books
Call number prefix REF PE1464
Call number suffix COW
Holdings
Date last seen Total Checkouts Full call number Barcode Cost, replacement price Price effective from Koha item type Lost status Source of classification or shelving scheme Damaged status Not for loan Collection Withdrawn status Home library Current library Shelving location Date acquired Cost, normal purchase price
01/20/2023   REF PE1464 OXF 92004031518 80.00 01/20/2023 BOOKS   LCC     NFIC   MAIN MAIN GEN 01/20/2023 80.00